000
00316nam a22001457a 4500
008
230907b ||||| |||| 00| 0 eng d
020
_a
9780140444612
041
_a
eng
080
_a
101
082
_a
101RAD
100
_a
44
101
_a
FILOZ
245
_a
EARLY GREEK PHILOSOPHY
_c
RADICE .B
942
_2
udc
_c
BK
999
_c
60281
_d
60281